000 00599nam a2200241 a 4500
001 0001-1004
003 ELIB.Books
008 141016 2010 eng
020 _a0817013164
035 _a(ELIB.Books)0001-1158
092 _a242.34
_bMoo
100 _aMoore, Joan Trust.
245 _aOn The Cross Road
260 _aValley Forge
_bJudson Press
_c1999
300 _a177
_c17.1 Cm
500 _aDr. Yahalaylayla
650 _aDevotional
856 _nKBTS; Library
_uKBTS; Elib.
942 _2ddc
_cBK
990 _a1
998 _cbat
_e2014-10-16
999 _c11004
_d11004